| 000 | 00796nam a2200217 i 4500 | ||
|---|---|---|---|
| 001 | 155975 | ||
| 003 | ES-MaACL | ||
| 005 | 20250913063054.0 | ||
| 008 | 190204s1966 sp |||| | spa d | ||
| 100 | 1 |
_aHaro Tecglen, Eduardo, _d1924-2005 _961879 |
|
| 245 | 1 | 0 |
_aCrónica de 13 meses _b: de la crisis de Cuba al asesinato de Kennedy / _cEduardo Haro Tecglen. |
| 260 |
_aBarcelona : _bNova Terra, _c1966. |
||
| 300 |
_a308 p. ; _c21 cm. |
||
| 490 | 1 |
_aColección "El Mundo y los Hombres" ; _v12 |
|
| 650 | 4 |
_aPolítica mundial- _y1955-1965. _9166115 |
|
| 650 | 4 |
_aPolítica mundial- _y1965-1975. _9166114 |
|
| 650 | 0 | 4 |
_aHistoria contemporánea- _yS.XX _913396 |
| 830 | 0 | 0 |
_aColección el mundo y los hombres _v12 _9187821 |
| 852 |
_aES-MaACL _jP-437-bis-10 |
||
| 999 |
_c155975 _d155975 |
||